| 000 | 01154nam a2200289Ia 4500 | ||
|---|---|---|---|
| 001 | ebr10348762 | ||
| 003 | CaPaEBR | ||
| 006 | m u | ||
| 007 | cr cn||||||||| | ||
| 008 | 090605s2009 sa a s 000 0 eng d | ||
| 020 | _z1920118780 | ||
| 020 | _z9781920118785 | ||
| 040 |
_aCaPaEBR _cCaPaEBR |
||
| 035 | _a(OCoLC)631565961 | ||
| 050 | 1 | 4 |
_aJQ2923.D35 _bD39 2009eb |
| 245 | 0 | 0 |
_aDeveloping a transformation agenda for Zimbabwe _h[electronic resource] / _cShari Eppel ... [et al.]. |
| 260 |
_a[Cape Town, South Africa?] : _bIdasa Publishers, _c2009. |
||
| 300 |
_a60 p. : _bill. |
||
| 533 |
_aElectronic reproduction. _bPalo Alto, Calif. : _cebrary, _d2010. _nAvailable via World Wide Web. _nAccess may be limited to ebrary affiliated libraries. |
||
| 650 | 0 |
_aDemocracy _zZimbabwe. |
|
| 651 | 0 |
_aZimbabwe _xEconomic conditions _y21st century. |
|
| 651 | 0 |
_aZimbabwe _xPolitics and government _y21st century. |
|
| 655 | 7 |
_aElectronic books. _2local |
|
| 700 | 1 | _aEppel, Shari. | |
| 710 | 2 | _aebrary, Inc. | |
| 856 | 4 | 0 |
_uhttp://site.ebrary.com/lib/rucke/Doc?id=10348762 _zAn electronic book accessible through the World Wide Web; click to view |
| 999 |
_c42177 _d42177 |
||